000 00479nam a2200169Ia 4500
003 GCL
008 140319s9999 xx 000 0 ara d
020 _a6355215977
040 _aGCL /
_cGCL
082 0 4 _a810.9
_bن ر
100 1 _aنبيل راغب
245 1 0 _aدلبل الناقد الادبى /
_cنبيل راغب
300 _a239 ص ؛
_c24 سم
650 0 4 _aالادب العربى
650 0 4 _aالادب العربى - العصر الحديث
942 _2ddc
_cBK
999 _c4732
_d4732